000 00424nam a2200145Ia 4500
008 210210b1983 xxu||||| |||| 00| 0 eng d
082 _a923.2 JACK
100 _aJACK (Homer A).
245 _aThe Gandhi reader a source book of his life and writings.
260 _aMadras.
_bSamata Books, Affiliated East-West Press.,
_c1983
300 _axxiv,532
650 _aMahatma Gandhi
690 _aBiography
906 _aSG02658
999 _c113537
_d113537